000 00897nam a2200277 a 4500
001 000006231
003 DO-SdBPM
005 20260422093258.0
007 ta
008 090827s1992 dr 001 spa d
040 _aDO-SdBPM
_bspa
_cBPMSU
_drda
082 0 4 _a344.7293
_bH557r 1992
_222
100 1 _aHernández Rueda, Lupo,
_d1930-2017
245 1 4 _aLas reformas al código de trabajo /
_bLupo Hernández Rueda.
260 _c1992.
264 _aSanto Domingo, :
_bEditora Corripio,
_c22
300 _a93 páginas ;
_c23 cm.
336 _atexto
_btxt
_2rdacontent
337 _asin mediación
_bn
_2rdamedia
338 _avolumen
_bnc
_2rdacarrier
500 _aIncluye datos biográficos
650 7 _aDerecho laboral
_zRepública Dominicana
_vManuales
650 7 _aLegislación laboral
_zRepública Dominicana
910 _aVMateo V. Control de calidad. BPMSU
942 _2ddc
_cBK
999 _c15786
_d15786